| 000 | 01407cam a2200385Ia 4500 | ||
|---|---|---|---|
| 001 | 45666284 | ||
| 003 | OCoLC | ||
| 005 | 20221223222912.0 | ||
| 008 | 010105r20112000sp a j 000 1 spa d | ||
| 020 | _a8495123606 | ||
| 020 | _a9788495123602 | ||
| 040 |
_aKLC _beng _cKLC _dDPL _dJQJ _dPL# _dTEF _dBAKER _dIQU _dYOL |
||
| 041 | 1 |
_aspa _hpor |
|
| 050 | 4 |
_aPZ76.3 _bCe 2000 |
|
| 092 | _aSP E NUN | ||
| 100 | 1 | _aNunez, Marisa. | |
| 240 | 1 | 0 |
_aCebra Camila. _lSpanish. |
| 245 | 1 | 3 |
_aLa cebra Camila / _cMarisa Nunez, Oscar Villan. |
| 260 |
_aPontevedra : _bKalandraka, _cc2000. |
||
| 300 |
_a24 unnumbered pages : _bcolor illustrations ; _c23 cm. |
||
| 336 |
_atext _btxt _2rdacontent. |
||
| 337 |
_aunmediated _bn _2rdamedia. |
||
| 338 |
_avolume _bnc _2rdacarrier. |
||
| 490 | 1 | _aLibros para sonar | |
| 500 | _aOriginal title in Portuguese : "A cebra Camila". | ||
| 520 | _aCamila does not listen to her mother and goes outside without her suspenders and pants. A strong wind comes and blows her stripes in all directions. The other animals come to her aid. | ||
| 526 | 0 |
_aAccelerated Reader AR _bLG _c4.3 _d0.5 _z56504. |
|
| 650 | 0 |
_aZebras _vJuvenile fiction. |
|
| 650 | 0 |
_aSpanish language materials _vJuvenile fiction. |
|
| 650 | 7 |
_aCebras _vNovela juvenil. _2bidex. |
|
| 655 | 7 |
_aPicture books. _2lcgft. |
|
| 700 | 1 | _aVillan, Oscar. | |
| 830 | 0 | _aColeccion Libros para sonar. | |
| 942 |
_cBK _2ddc |
||
| 999 |
_c27615 _d27615 |
||